Online
Catalog

Antología y comentarios de textos literarios : (Record no. 18746)

MARC details
000 -CABECERA
campo de control de longitud fija 00723nam a2200181 a 4500
001 - NÚMERO DE CONTROL
campo de control 000019228
005 - FECHA Y HORA DE LA ÚLTIMA TRANSACCIÓN
campo de control 20200929165945.0
008 - DATOS DE LONGITUD FIJA--INFORMACIÓN GENERAL
campo de control de longitud fija 100528s1961 sp r 000 0 spa d
040 ## - FUENTE DE LA CATALOGACIÓN
Centro catalogador/agencia de origen DO-SdBNP
Lengua de catalogación spa
Centro/agencia transcriptor BNPHU
082 ## - NÚMERO DE LA CLASIFICACIÓN DECIMAL DEWEY
Número de clasificación 860.09
Número de documento/Ítem A454
049 ## - FONDOS LOCALES (OCLC)
Fondos de biblioteca BNGR
100 1# - ENTRADA PRINCIPAL--NOMBRE DE PERSONA
Nombre de persona Alonso Pedraz, Martín
9 (RLIN) 41361
245 10 - MENCIÓN DE TÍTULO
Título Antología y comentarios de textos literarios :
Resto del título sexto curso de bachillerato /
Mención de responsabilidad, etc. Martín Alonso.
260 ## - PUBLICACIÓN, DISTRIBUCIÓN, ETC.
Lugar de publicación, distribución, etc. Madrid :
Nombre del editor, distribuidor, etc. Compañía Bibliográfica Española,
Fecha de publicación, distribución, etc. 1961.
300 ## - DESCRIPCIÓN FÍSICA
Extensión 222 p. ;
Dimensiones 22 cm.
500 ## - NOTA GENERAL
Nota general En la portada: texto aprobado por el Ministerio de Educación Nacional orden de 21 de octubre de 1958 (B.O.M. de E. N. no.°87).
650 #4 - PUNTO DE ACCESO ADICIONAL DE MATERIA--TÉRMINO DE MATERIA
Término de materia o nombre geográfico como elemento de entrada Literatura española
Subdivisión general Crítica e interpretación
9 (RLIN) 4054
Holdings
Estado de retiro Estado de pérdida Restricciones de uso No para préstamo Código de colección Localización permanente Ubicación/localización actual Ubicación en estantería Fecha de adquisición Número de inventario Total de préstamos Signatura topográfica completa Código de barras Fecha visto por última vez Precio válido a partir de Tipo de ítem Koha
        Monografías: Libros y Folletos General General En catalogación 28.05.2010 LF1   860.09 A454 19228-10 25.06.2020 25.06.2020 Préstamo en sala

Powered by Koha